00771nam a2200217 4500003000900000005001700009008004100026040004600067082002300113100002700136245012100163264004500284300002300329336002200352337002400374338003300398546002400431650003100455651001000486856005700496EG-GICUC20260412090134.0260412s19331934Fr |||f |||| 00| 0 Fre d a EG-GICUCbfrec EG-GICUCd EG-GICUCerda04a341.1bR A . D2211 aRaafat Waheed eAuteur a Diplome D,Études Superieures Droit Public Repetitions Ecrites De Droit International Public /cPar Waheed Raafat. aParis:b3, Place De La Sorbonne, c1934. a550 Pages;c24 Cm. 2rda contentatext 2rda mediaaComputer 2rda carrieraOnline Resource aTexte en français14aDroit international Public1 2qrmak40uhttps://fll.law.cu.edu.eg/fulltext/bks/B11-05614.pdf